Normal view
MARC view
- Burke, Meghan.
Entry Personal Name
001 - CONTROL NUMBER
- control field: 50032
003 - CONTROL NUMBER IDENTIFIER
- control field: OSt
005 - DATE AND TIME OF LATEST TRANSACTION
- control field: 20231118143358.0
008 - FIXED-LENGTH DATA ELEMENTS
- fixed length control field: 231118|| aca||aabn | a|a d
040 ## - CATALOGING SOURCE
- Original cataloging agency: OSt
- Transcribing agency: OSt
100 ## - HEADING--PERSONAL NAME
- Personal name: Burke, Meghan.
- Relator term: author.
670 ## - SOURCE DATA FOUND
- Source citation: Work cat.: (OSt): Burke, Meghan. author., Exploring the advocacy process and its products among parents of children with disabilities /, August 2022.
